书目信息 |
| 题名: |
刑法因果新论
|
|
| 作者: | 侯国云 著 | |
| 分册: | ||
| 出版信息: | 北京 中国人民公安大学出版社 2012 |
|
| 页数: | 11,384页 | |
| 开本: | 21cm | |
| 丛书名: | ||
| 单 册: | ||
| 中图分类: | D914.04 | |
| 科图分类: | ||
| 主题词: | 刑法--因果性--研究 , 刑法 , 因果性 | |
| 电子资源: | ||
| ISBN: | 978-7-5653-0928-1 | |
| 000 | 01218nam0 2200265 450 | |
| 001 | 523 | |
| 005 | 20140905102902.71 | |
| 010 | @a978-7-5653-0928-1@dCNY40.00 | |
| 100 | @a20121130d2012 em y0chiy50 ea | |
| 101 | 0 | @achi |
| 102 | @aCN@b110000 | |
| 105 | @ay z 000yy | |
| 106 | @ar | |
| 200 | 1 | @a刑法因果新论@AXing Fa Yin Guo Xin Lun@f侯国云著@FHou Guo Yun Zhu |
| 205 | @a修订版 | |
| 210 | @a北京@c中国人民公安大学出版社@d2012 | |
| 215 | @a11,384页@d21cm | |
| 330 | @a本书共五篇:绪论篇、哲理篇、本论篇、比较篇、质疑篇。绪论篇主要阐述刑法因果关系的一些基本问题如研究对象、研究目的、研究方法,等等,以及刑法因果关系与哲学因果关系的关系问题。本论篇集中研究每一种不同性质的因果关系,除了绝然的、必然的、或然的、偶然的四种因果关系外,还研究了自杀案件的因果关系、不作为犯罪的因果关系、直接与间接因果关系等等;在比较篇中介绍了其他国家主要是德、日、英、美、苏联关于刑法因果关系的研究,还介绍了我国十几年来关于刑法因果关系方面的种种学说;质疑篇主要是对作者不同意的一些观点提出商榷性意见。 | |
| 606 | 0 | @a刑法@x因果性@x研究 |
| 606 | 0 | @a刑法 |
| 606 | 0 | @a因果性 |
| 690 | @aD914.04@v5 | |
| 701 | 0 | @a侯国云@AHou Guo Yun@f(1952~)@4著 |
| 801 | 0 | @aCN@bTANGWEI@c20140603 |
| 905 | @b0840305-07@dD914.04@e549=2@f3 | |
| 刑法因果新论/侯国云著.-修订版.-北京:中国人民公安大学出版社,2012 |
| 11,384页;21cm |
| ISBN 978-7-5653-0928-1:CNY40.00 |
| 本书共五篇:绪论篇、哲理篇、本论篇、比较篇、质疑篇。绪论篇主要阐述刑法因果关系的一些基本问题如研究对象、研究目的、研究方法,等等,以及刑法因果关系与哲学因果关系的关系问题。本论篇集中研究每一种不同性质的因果关系,除了绝然的、必然的、或然的、偶然的四种因果关系外,还研究了自杀案件的因果关系、不作为犯罪的因果关系、直接与间接因果关系等等;在比较篇中介绍了其他国家主要是德、日、英、美、苏联关于刑法因果关系的研究,还介绍了我国十几年来关于刑法因果关系方面的种种学说;质疑篇主要是对作者不同意的一些观点提出商榷性意见。 |
| ● |
| 相关链接 |
|
|
|
|
正题名:刑法因果新论
索取号:D914.04/549=2
 
预约/预借
| 序号 | 登录号 | 条形码 | 馆藏地/架位号 | 状态 | 备注 |
| 1 | 0840305 | 208403057 | 第一样本阅览室/ [索取号:D914.04/549=2] | 在馆 | |
| 2 | 0840306 | 208403066 | 第一借阅区/ [索取号:D914.04/549=2] | 在馆 | |
| 3 | 0840307 | 208403075 | 密集书库-史法系/ [索取号:D914.04/549=2] | 在馆 |